<?xml version="1.0" encoding="UTF-8"?>
<record
    xmlns:xsi="http://www.w3.org/2001/XMLSchema-instance"
    xsi:schemaLocation="http://www.loc.gov/MARC21/slim http://www.loc.gov/standards/marcxml/schema/MARC21slim.xsd"
    xmlns="http://www.loc.gov/MARC21/slim">

  <leader>01173nam a22002297a 4500</leader>
  <datafield tag="999" ind1=" " ind2=" ">
    <subfield code="c">61566</subfield>
    <subfield code="d">61566</subfield>
  </datafield>
  <controlfield tag="003">Ge_BSU</controlfield>
  <controlfield tag="005">20240325160831.0</controlfield>
  <controlfield tag="008">240325s2021    ge ||||| |||| 00| 0 geo d</controlfield>
  <datafield tag="020" ind1=" " ind2=" ">
    <subfield code="a">9789941973246</subfield>
  </datafield>
  <datafield tag="041" ind1=" " ind2=" ">
    <subfield code="a">geo</subfield>
  </datafield>
  <datafield tag="080" ind1=" " ind2=" ">
    <subfield code="a">005.95/96(075.8) &#x10D9;-57</subfield>
  </datafield>
  <datafield tag="100" ind1=" " ind2=" ">
    <subfield code="a">&#x10D9;&#x10D8;&#x10EC;&#x10DB;&#x10D0;&#x10E0;&#x10D8;&#x10E8;&#x10D5;&#x10D8;&#x10DA;&#x10D8;, &#x10E5;&#x10D4;&#x10D7;&#x10D4;&#x10D5;&#x10D0;&#x10DC;, &#x10D0;&#x10D5;&#x10E2;&#x10DD;&#x10E0;&#x10D8;.</subfield>
    <subfield code="9">21575</subfield>
  </datafield>
  <datafield tag="245" ind1=" " ind2=" ">
    <subfield code="a">&#x10DE;&#x10D4;&#x10E0;&#x10E1;&#x10DD;&#x10DC;&#x10D0;&#x10DA;&#x10D8;&#x10E1; &#x10DB;&#x10D0;&#x10E0;&#x10D7;&#x10D5;&#x10D0; : </subfield>
    <subfield code="b"> (&#x10DE;&#x10E0;&#x10D0;&#x10E5;&#x10E2;&#x10D8;&#x10D9;&#x10E3;&#x10DA;&#x10D8;) /</subfield>
    <subfield code="c">&#x10E5;&#x10D4;&#x10D7;&#x10D4;&#x10D5;&#x10D0;&#x10DC; &#x10D9;&#x10D8;&#x10EC;&#x10DB;&#x10D0;&#x10E0;&#x10D8;&#x10E8;&#x10D5;&#x10D8;&#x10DA;&#x10D8; ; &#x10E0;&#x10D4;&#x10D3;. &#x10D2;&#x10DD;&#x10D3;&#x10D4;&#x10E0;&#x10EB;&#x10D8; &#x10E2;&#x10E7;&#x10D4;&#x10E8;&#x10D4;&#x10DA;&#x10D0;&#x10E8;&#x10D5;&#x10D8;&#x10DA;&#x10D8;</subfield>
  </datafield>
  <datafield tag="264" ind1=" " ind2=" ">
    <subfield code="a">&#x10D7;&#x10D1;&#x10D8;&#x10DA;&#x10D8;&#x10E1;&#x10D8; :</subfield>
    <subfield code="b">&#x10E1;&#x10D0;&#x10DB;&#x10D0;&#x10E0;&#x10D7;&#x10DA;&#x10D8;&#x10D0;&#x10DC;&#x10D8; &#x10E1;&#x10D0;&#x10E5;&#x10D0;&#x10E0;&#x10D7;&#x10D5;&#x10D4;&#x10DA;&#x10DD;, </subfield>
    <subfield code="c">2021.</subfield>
  </datafield>
  <datafield tag="300" ind1=" " ind2=" ">
    <subfield code="a">232 &#x10D2;&#x10D5;. : </subfield>
    <subfield code="b">&#x10EA;&#x10EE;&#x10E0;. ;</subfield>
    <subfield code="c">21 &#x10E1;&#x10DB;.</subfield>
  </datafield>
  <datafield tag="504" ind1=" " ind2=" ">
    <subfield code="a">&#x10D1;&#x10D8;&#x10D1;&#x10DA;&#x10D8;&#x10DD;&#x10D2;&#x10E0;&#x10D0;&#x10E4;&#x10D8;&#x10D0;: &#x10D2;&#x10D5;. 229-231.</subfield>
  </datafield>
  <datafield tag="653" ind1=" " ind2=" ">
    <subfield code="a">&#x10DE;&#x10D4;&#x10E0;&#x10E1;&#x10DD;&#x10DC;&#x10D0;&#x10DA;&#x10D8;&#x10E1; &#x10DB;&#x10D0;&#x10E0;&#x10D7;&#x10D5;&#x10D0; </subfield>
  </datafield>
  <datafield tag="653" ind1=" " ind2=" ">
    <subfield code="a">&#x10D0;&#x10D3;&#x10D0;&#x10DB;&#x10D8;&#x10D0;&#x10DC;&#x10E3;&#x10E0;&#x10D8; &#x10E0;&#x10D4;&#x10E1;&#x10E3;&#x10E0;&#x10E1;&#x10D4;&#x10D1;&#x10D8;&#x10E1; &#x10DB;&#x10D0;&#x10E0;&#x10D7;&#x10D5;&#x10D0;</subfield>
  </datafield>
  <datafield tag="700" ind1=" " ind2=" ">
    <subfield code="a">&#x10E2;&#x10E7;&#x10D4;&#x10E8;&#x10D4;&#x10DA;&#x10D0;&#x10E8;&#x10D5;&#x10D8;&#x10DA;&#x10D8;,  &#x10D2;&#x10DD;&#x10D3;&#x10D4;&#x10E0;&#x10EB;&#x10D8; </subfield>
    <subfield code="e">&#x10E0;&#x10D4;&#x10D3;&#x10D0;&#x10E5;&#x10E2;&#x10DD;&#x10E0;&#x10D8;</subfield>
    <subfield code="9">7734</subfield>
  </datafield>
  <datafield tag="773" ind1=" " ind2=" ">
    <subfield code="t">&#x10DC;&#x10D0;&#x10E9;&#x10E3;&#x10E5;&#x10D0;&#x10E0;&#x10D8;</subfield>
  </datafield>
  <datafield tag="942" ind1=" " ind2=" ">
    <subfield code="2">udc</subfield>
    <subfield code="c">BK</subfield>
  </datafield>
  <datafield tag="952" ind1=" " ind2=" ">
    <subfield code="0">0</subfield>
    <subfield code="1">0</subfield>
    <subfield code="2">udc</subfield>
    <subfield code="4">0</subfield>
    <subfield code="6">00595960758_&#x10D9;57</subfield>
    <subfield code="7">0</subfield>
    <subfield code="9">98504</subfield>
    <subfield code="a">CPL</subfield>
    <subfield code="b">CPL</subfield>
    <subfield code="c">GEN</subfield>
    <subfield code="d">2024-03-25</subfield>
    <subfield code="g">10.00</subfield>
    <subfield code="o">005.95/96(075.8) &#x10D9;-57</subfield>
    <subfield code="p">67715</subfield>
    <subfield code="r">2024-03-25</subfield>
    <subfield code="t">67715</subfield>
    <subfield code="w">2024-03-25</subfield>
    <subfield code="y">BK</subfield>
    <subfield code="z">10.00</subfield>
  </datafield>
</record>
